000
00242nam a22001217a 4500
041
_a
ENG
100
_a
Gole.P.D
245
_a
Irrigation Engineering
260
_a
New Delhi
_b
Laxmi Pub
_c
1987
300
_a
291
650
_a
48
856
_u
48
999
_c
3121
_d
3121